000 00314nam a2200121Ia 4500
008 240731s9999 xx 000 0 und d
022 _a1740-7923
245 0 _aNew Review of Film and Television Studies
260 _bRoutledge
856 _uhttps://www.tandfonline.com/loi/rfts20
942 _2ddc
942 _cTFEJ
999 _c78709
_d78709
945 _a1
_bMadushi Gamage
_c1
_dMadushi Gamage